000 00547nam a22002177a 4500
003 UA-OsUOA
001 38354
007 ta
008 20060504b un ||||| |||| 00| 0 ukr d
100 _aЩедрова Галина
090 _a74
_bЩ11
942 _cSA
040 _aUA-OsUOA
_bukr
_cUA-OsUOA
_dUA-OsUOA
245 _aЧарівні далівчанки - королове краси
300 _a3 с.
955 _a0
041 _aukr
080 _a74
773 0 _w38352
650 7 _a7 Мистецтво. Ігри. Спорт.
_2UDC
999 _c324521
_d324521